Normal view
MARC view
- مقابلة ، نبيل زيد
Entry Personal Name
001 - CONTROL NUMBER
- control field: 25362
003 - CONTROL NUMBER IDENTIFIER
- control field: JO-AjAnu
005 - DATE AND TIME OF LATEST TRANSACTION
- control field: 20230606074332.0
008 - FIXED-LENGTH DATA ELEMENTS
- fixed length control field: 230606|| aca||aabn | a|a d
040 ## - CATALOGING SOURCE
- Original cataloging agency: JO-AjAnu
- Transcribing agency: JO-AjAnu
100 ## - HEADING--PERSONAL NAME
- Personal name: مقابلة ، نبيل زيد
670 ## - SOURCE DATA FOUND
- Source citation: Work cat.: (JO-AjAnu)13044: مقابلة ، نبيل زيد, author, النظام القانوني لعقود خدمات المعلومات الإلكترونية في القانون الدولي الخاص